000 00983nam a2200265Ia 4500
003 OSt
005 20221005104927.0
006 a|||||r|||| 00| 0
007 ta
008 221004b |||||||| |||| 00| 0 hin d
020 _a8185999929 (hbk)
_c395
024 _a101715
037 _b366, 04/03/2010, Swaraj Prakashan
_cTextual
040 _aCRL
_cCRL
_bhin
041 _2hin
_ahin
082 _aO152,2N26,AY:g, P6
100 _aमलिक, माया
245 0 _aअंधा युग
_b रचनाधर्मिता के विविध आयाम
246 _aAandhā yuga: rachanādharmitā ke vividh āyāma
260 _aदिल्ली
_bस्वराज प्रकाशन भारत
_c2006
300 _a188पृ0
_ccm.
650 _aहिन्दी साहित्य
942 _hO152,2N26,AY:g, P6
_cTEXL
_2cc
999 _c1014220
_d1014220